000 00495 a2200193 4500
001 107642
020 _a9780545374743
041 _apor
090 _aPL 428 ZEM
100 _aZeman, Anne.
250 _a1. Ed.
490 _aEverything you need to know about
697 _aChildren and Youth Literature
830 _aEverything you need to know about
040 _aBR-BrIDEA
_cBR-BrIDEA
245 1 0 _aEngllish homework
_c Anne Zeman
260 _a[S.l.]
_bScholastic
_c2011
942 _cBK
999 _c107642
_d107642